| 000 | 00615nam a22001937a 4500 | ||
|---|---|---|---|
| 005 | 20130712161020.0 | ||
| 008 | 130712b2007 xxu||||| |||| 00| 0 spa d | ||
| 020 | _a9781597260602 | ||
| 041 | _aeng | ||
| 044 | _axxu | ||
| 082 |
_a333.72068 _bC592f |
||
| 100 | 1 |
_aClark, Story. _9455 |
|
| 245 | 1 | 2 |
_aA field guide to conservation finance / _c Story Clark |
| 260 |
_a Washington, D.C. : _b Island Press, _c c2007 |
||
| 300 |
_axix, 387 p. : _bil., mapas ; _c24 cm. |
||
| 504 | _aIncluye referencias bibliográficas e índice. | ||
| 650 | 0 |
_aNature conservation _x Finance _z United States _9456 |
|
| 942 |
_2ddc _cIMPRESO |
||
| 999 |
_c7364 _d7364 |
||